Catálogo

GLOSARIO DE TERMINOS PARA COMPRADORES DE PAPEL (Registro nro. 36330)

Detalles MARC
000 -LEADER
fixed length control field 00434nam a2200157 a 4500
001 - CONTROL NUMBER
control field 36330
005 - DATE AND TIME OF LATEST TRANSACTION
control field 20180714004849.0
008 - FIXED-LENGTH DATA ELEMENTS--GENERAL INFORMATION
fixed length control field 140415s2000 mx 000 0 spa d
041 ## - LANGUAGE CODE
Language code of text/sound track or separate title spa
082 ## - DEWEY DECIMAL CLASSIFICATION NUMBER
Classification number 676.28203
Item number GLO
245 00 - TITLE STATEMENT
Title GLOSARIO DE TERMINOS PARA COMPRADORES DE PAPEL
250 ## - EDITION STATEMENT
Edition statement 2a ed.
260 ## - PUBLICATION, DISTRIBUTION, ETC.
Place of publication, distribution, etc. MEXICO :
Name of publisher, distributor, etc. GRUPO PAPELERO RAGSA,
Date of publication, distribution, etc. 2000
300 ## - PHYSICAL DESCRIPTION
Extent 77
650 14 - SUBJECT ADDED ENTRY--TOPICAL TERM
Topical term or geographic name entry element PAPEL
General subdivision ARTES GRAFICAS
-- GLOSARIO
Existencias
Withdrawn status Lost status Source of classification or shelving scheme Damaged status Not for loan Collection code Home library Current library Shelving location Date acquired Source of acquisition Inventory number Total Checkouts Full call number Barcode Date last seen Price effective from Koha item type
    Dewey Decimal Classification     General Biblioteca Karol Wojtyla Biblioteca Karol Wojtyla Sala general 03/12/2013 Compra 151000000000000000029288   676.28203 GLO 54712 05/01/2026 03/12/2013 Libro